[Event "IECC CL8-2002.10"]
[Site "IECC email"]
[Date "2002.09.30"]
[Round "?"]
[White "Fitzpatrick, Mark"]
[Black "Ladkin, Peter"]
[Result "1-0"]
[WhiteElo "1004"]
[BlackElo "774"]
[PlyCount "105"]
[EventDate "2002.??.??"]
[EventType "tourn (corr)"]
[EventRounds "4"]
[SourceTitle "Corr 2008"]
[Source "ChessBase"]
[SourceDate "2008.06.24"]
[SourceVersion "1"]
[SourceVersionDate "2008.06.24"]
[SourceQuality "1"]

1. e4 d5 2. exd5 Qxd5 3. Nc3 Qe6+ 4. Be2 Nc6 5. Nb5 Qd7 6. d4 a6 7. d5 Nb4 8. Nc3 Nf6 9. Bf3 e6 10. Qe2 Nfxd5 11. Nxd5 Nxd5 12. Bd2 Be7 13. 0-0-0 Bf6 14. Qd3 Qd6 15. Ne2 Qe5 16. Nc3 Nb4 17. Qc4 a5 18. Nb5 0-0 19. Bc3 Nxa2+ 20. Qxa2 Qxb5 21. Bxf6 gxf6 22. Rd3 e5 23. Rhd1 Be6 24. Bd5 Bf5 25. Rg3+ Bg6 26. f4 Qe2 27. f5 Qh5 28. fxg6 Kh8 29. gxh7 Qh6+ 30. Kb1 Qxh7 31. Rh3 Rfd8 32. Rxh7+ Kxh7 33. Be4+ Kg7 34. Rxd8 Rxd8 35. Qxa5 Rd1+ 36. Ka2 Rd4 37. Bxb7 e4 38. c3 Rd3 39. Bxe4 Re3 40. Qa4 Kh6 41. Qc2 Kg5 42. Bd3 f5 43. Be2 Re5 44. b4 Kf4 45. Qd2+ Re3 46. h4 Ke4 47. Bf3+ Kf4 48. h5 Kg3 49. Qxe3 f4 50. Qe1+ Kh2 51. h6 c5 52. h7 f5 53. h8Q# 1-0